000
00363nam a2200133Ia 4500
008
151001s9999||||xx |||||||||||||| ||und||
100
_a
सुमती कुकडे
245
_a
फळांचा खजिना-पंचगुणी पेरू
250
_a
1
260
_b
मानस
260
_c
2001
300
_a
14
365
_b
24
999
_c
985743
_d
985740